00281pam a2200121 a 4500020000500000041000500005082001300010100001700023245006800040250001000108260002500118300001600143 c h a752bBOT aJ. Bottrell. aHow to paint on GlassbHow to paint on GlasshTextual Documents a1997. a[s.l]:bSearch Press a80:bpaper.